<?xml version="1.0" encoding="UTF-8"?>
<record
    xmlns:xsi="http://www.w3.org/2001/XMLSchema-instance"
    xsi:schemaLocation="http://www.loc.gov/MARC21/slim http://www.loc.gov/standards/marcxml/schema/MARC21slim.xsd"
    xmlns="http://www.loc.gov/MARC21/slim">

  <leader>00639cam0a220019300 4500</leader>
  <controlfield tag="001">qcf00209730</controlfield>
  <controlfield tag="005">20190816090626.0</controlfield>
  <controlfield tag="008">830513s1959    fr            000 0 fre d</controlfield>
  <datafield tag="035" ind1=" " ind2=" ">
    <subfield code="a">(Sirsi) r124278</subfield>
  </datafield>
  <datafield tag="035" ind1=" " ind2=" ">
    <subfield code="a">(QCAT)lss03763575</subfield>
  </datafield>
  <datafield tag="035" ind1=" " ind2=" ">
    <subfield code="a">(UPRA)qcf00209730</subfield>
  </datafield>
  <datafield tag="040" ind1=" " ind2=" ">
    <subfield code="d">UPRA</subfield>
  </datafield>
  <datafield tag="100" ind1="2" ind2=" ">
    <subfield code="a">Saint Pierre, Michel de, 1916-1987.</subfield>
    <subfield code="d">Saint Pierre, Michel de, 1916-1987.</subfield>
    <subfield code="6">A92374.1</subfield>
  </datafield>
  <datafield tag="245" ind1="1" ind2="4">
    <subfield code="a">Les murmures de Satan :</subfield>
    <subfield code="b">roman /</subfield>
    <subfield code="c">Michel de Saint Pierre.</subfield>
  </datafield>
  <datafield tag="260" ind1=" " ind2=" ">
    <subfield code="a">Paris :</subfield>
    <subfield code="b">Calmann-Levy,</subfield>
    <subfield code="c">1959.</subfield>
  </datafield>
  <datafield tag="490" ind1="0" ind2=" ">
    <subfield code="a">Le Cercle du livre de France</subfield>
    <subfield code="6">S13859.1</subfield>
  </datafield>
  <datafield tag="949" ind1=" " ind2=" ">
    <subfield code="a">PQ2637.A362</subfield>
    <subfield code="w">lcc</subfield>
    <subfield code="i">-178525</subfield>
    <subfield code="m">MAIN</subfield>
    <subfield code="t">BOOK</subfield>
    <subfield code="l">ON-SHELF</subfield>
  </datafield>
  <controlfield tag="004">124278</controlfield>
  <datafield tag="999" ind1=" " ind2=" ">
    <subfield code="c">81501</subfield>
    <subfield code="d">81501</subfield>
  </datafield>
</record>
